| 000 | 01031nam a22002415i 4500 | ||
|---|---|---|---|
| 001 | 175144 | ||
| 003 | ES-MaACL | ||
| 005 | 20250815103932.0 | ||
| 008 | 101007s1962 sp af |||| | spa d | ||
| 080 | _a621.438 | ||
| 100 | 1 |
_aMataix, Claudio. _978908 |
|
| 245 | 1 | 0 |
_aSelección mediante la analogía reoeléctrica con papel teledeltos de un tipo de refrigeración de álabes de turbinas de gas / _cClaudio Mataix Plana. |
| 260 |
_aMadrid : _bConsejo Superior de Investigaciones Científicas, _c1962. |
||
| 300 |
_aXVII, 197 p., [7] h. pleg. de lám. : _bil. ; _c25 cm. |
||
| 490 | 1 |
_aMonografías de ciencia moderna ; _v67 |
|
| 490 | 1 |
_aInstituto "Alonso de Santa Cruz" de Física ; _v2 |
|
| 650 | 1 | 4 |
_aTurbinas de gas. _9143511 |
| 710 | 2 |
_aConsejo Superior de Investigaciones Científicas (España) _93236 |
|
| 830 | 0 |
_aMonografías de ciencia moderna _v67 _9189470 |
|
| 830 | 0 |
_aInstituto "Alonso de Santa Cruz" de Física ; _v2 _9223857 |
|
| 852 |
_aES-MaACL _jE-13331 _xOlim P-555 bis |
||
| 999 |
_c175144 _d175144 |
||